Normal view
MARC view
- تكنولوجيا التعليم-مؤتمرات-الأردن-طرق التدريس-البحث العلمي
Entry Topical Term
001 - CONTROL NUMBER
- control field: 31785
003 - CONTROL NUMBER IDENTIFIER
- control field: JO-AjAnu
005 - DATE AND TIME OF LATEST TRANSACTION
- control field: 20230606075340.0
008 - FIXED-LENGTH DATA ELEMENTS
- fixed length control field: 230606|| aca||aabn | a|a d
040 ## - CATALOGING SOURCE
- Original cataloging agency: JO-AjAnu
- Transcribing agency: JO-AjAnu
150 ## - HEADING--TOPICAL TERM
- Topical term or geographic name entry element: تكنولوجيا التعليم-مؤتمرات-الأردن-طرق التدريس-البحث العلمي
670 ## - SOURCE DATA FOUND
- Source citation: Work cat.: (JO-AjAnu)16320: أبو الرز،جمال منسق المحور/البطيخي،أنور المشرف على السلسلة, author 31784, أساليب التدريس ودمج التكنولوجيا في التعليم:وقائع المؤتمر الرابع للبحث العلمي في الأردن 7/11/2009(الأوراق العلمية المحكمة)